000 00928nam a2200241Ia 4500
999 _c36034
_d36034
001 1933
003 GE_BSU
005 20221011141738.0
008 181216s2007ru xx |||||||||||||| ||rus||
020 _a9785238011868
040 _cGE_BSU
041 _arus
080 _a342.8(470)(075.8) А-79
245 _aИзбирательное право :
_bУчебное пособие для сеудентов вузов /
_cПод. ред. К.К. Гасанова, А.С Прудникова
245 _b 2-ое изд. перер.и доп.
264 _aМосква :
_bЮнити.Заккон и право,
_c2007.
300 _a415 с.:
_b 21 см.
653 _aИзбирательное право
653 _aსაარჩევნო სამართალი
653 _aსამართალი
700 _aГригорьевой, Е.А.
_eრედაქტორი
_915224
942 _cBK
_2udc